| 000 | 01851nam a2200241Ia 4500 | ||
|---|---|---|---|
| 008 | 260220t1986||||xx |||||||||||||| ||spa|| | ||
| 040 |
_aPY-SlUNAC _bspa _erda |
||
| 041 | _aspa | ||
| 082 |
_a330.91 _bB977g |
||
| 100 |
_aButler, Joseph A. _eAutor |
||
| 245 | 0 |
_aGeografía económica : _baspectos espaciales y ecológicos de la actividad económica / _cpor Joseph A. Butler [Autor] |
|
| 264 |
_aCiudad de México : _bLimusa, _c℗1986. |
||
| 300 | _a1 volumen | ||
| 520 | _aEn "Geografía económica: aspectos espaciales y ecológicos de la actividad económica", Joseph A. Butler examina la interrelación entre la actividad económica y los factores espaciales y ecológicos que la influyen. A través de un enfoque multidisciplinario, el autor analiza cómo la ubicación geográfica, los recursos naturales y las dinámicas ambientales afectan la producción, distribución y consumo de bienes y servicios. Butler destaca la importancia de comprender el contexto geográfico para interpretar las tendencias económicas y la evolución de las regiones. Además, se abordan temas como la urbanización, el desarrollo sostenible y los impactos de la globalización en las economías locales. El texto ofrece un marco teórico robusto, sustentado por ejemplos prácticos que ilustran las complejidades de la geografía económica. En conjunto, la obra invita a la reflexión sobre la necesidad de integrar aspectos ecológicos en la planificación económica y resalta el papel crucial que juega la geografía en la configuración de las dinámicas económicas contemporáneas. | ||
| 653 | _aAspectos espaciales | ||
| 653 | _aEcología | ||
| 653 | _aGeografía económica | ||
| 942 |
_b2026/02/17 _cBK |
||
| 999 |
_c7047 _d7047 |
||